000 00644nam a2200229Ia 4500
003 OSt
005 20220925214440.0
006 a|||||r|||| 00| 0
007 ta
008 220923b |||||||| |||| 00| 0 eng d
037 _cGeneral Book
040 _aRTL
_cRTL
_beng
041 _2eng
_aeng
082 _aX:8:(Sigma), L7
100 _aBoot R L, etc.
_9280439
245 0 _aBehavioural sciences for managers
260 _aLondon
_bEdward Arnold
_c1977
300 _aviii, 232p
_ccm.
650 _aMotivation Managemant
_9264263
942 _hX:8:(Sigma), L7
_cGB
_2CC
999 _c565494
_d565494